| 000 | 00469nam a2200169Ia 4500 | ||
|---|---|---|---|
| 001 | 37452 | ||
| 005 | 20240114001933.0 | ||
| 007 | ta | ||
| 008 | 070611s g b000 u u | ||
| 082 |
_a001.642 _bHu 861 Th |
||
| 100 | _aHubband, Gohn R . | ||
| 245 | 0 |
_aData Structure with C ++ / _cGohn R Hubband. _hTextual Documents |
|
| 500 | _aThis Book is Not Availablle By Mistake it is done | ||
| 653 | _aComputer--Data Design | ||
| 942 |
_2ddc _cBK |
||
| 999 |
_c37431 _d37431 |
||